000 00916nas a2200253Ia 4500
001 R706/87419
003 IT-RoPAU
008 151124c99999999xx |||||||||||| ||und||
040 _aIT-RoPAU
040 _cIT-RoPAU
041 _aINGLESE
100 _aManetti Giovanni
_gCodice Aut. SPICS: 4263
210 _aVERSUS
222 _aVersus
245 _aVERSUS, N.050/051 (MAGGIO/DICEMBRE 1988)
_bSigns Of Antiquity/Antiquity Of Signs: Introduction
250 _a1a ed.
260 _aMILANO
_bBOMPIANI
_c1988
501 _bPaulus - SPICS - Società San Paolo EM (non-commercial uses only)
_cCopyright2015
300 _a15 p. [3-17]
362 _aN.050/051 (MAGGIO/DICEMBRE 1988)
500 _aSegni dell'Antichità e Antichità dei Segni: Introduzione Alla Ricerca. Sviluppo del Progetto della Ricerca. Delimitazione Cronologica del Periodo.
650 _aSEMIOTICA
_vPUBBLICAZIONE PERIODICA
942 _cCR
999 _c191762
_d191762